00889nam a2200205Ia 4500003000900000008004100009020001800050040001600068080002300084111008900107245028200196260003700478300001600515490002700531650002300558700002400581700002200605700001900627710003700646IN-BaIIA211028s9999 xx 000 0 eng d a0-7923-4651-3 cIIA Library a082.2:52bIAU-S189 aSymposium of the International Astronomical Unionn189thcAustraliad1997 Jan. 13-17 0aFundamental stellar properties-the interaction between observation and theorybproceedings of the 189th symposium of the IAU held in University of Sydney, Australia, January 13-17, 1997cedited by T. R. Bedding, A. T. Booth and A. Davis  aDordrechtbKluwer Academicc1997 axxix, 478p. aIAU symposium; no. 189 aStellar properties aBedding, T. R., ed. aBooth, A. T., ed. aDavis, A., ed. aInternational Astronomical Union